000 00505nam a22001937a 4500
003 NUST - PNEC
005 20170116181200.0
008 150930b xxu||||| |||| 00| 0 eng d
020 _a9693521722
020 _a9789693521726
040 _cLIBRARY
082 _a370 ASH
100 _916387
_aAshfaq Ahmed
245 _aBaba Sahaba
_cAshfaq Ahmed
260 _c2013
_aLahore:
_bSang-e-meel Publications;
300 _a668 pages
650 _911986
_aUrdu literature
_xGeneral books
942 _2ddc
_cBK
999 _c71448
_d71448